| 000 | 03668cam a2200553 i 4500 | ||
|---|---|---|---|
| 001 | ssj0001975311 | ||
| 003 | EG-ScBUE | ||
| 005 | 20240521124434.0 | ||
| 006 | m d | ||
| 007 | cr n | ||
| 008 | 170616t2018 gw a f b 001 0 eng d | ||
| 020 | _a9783132203815 | ||
| 040 |
_aDNLM/DLC _beng _erda _cDLC _dDLC _dWaSeSS _dEG-ScBUE |
||
| 082 | 0 | 4 |
_a616.7075 _222 _bRES |
| 100 | 1 |
_aResteghini, Peter, _eauthor. |
|
| 245 | 1 | 0 |
_aDiagnostic musculoskeletal ultrasound and guided injection : _ba practical guide / _cPeter Resteghini, PhD, Consultant Physiotherapist Sports and Musculoskeletal Medicine, Musculoskeletal Sonographer, Honorary Visiting Senior Clinical Fellow, Homerton University Hospital, London, UK. |
| 264 | 1 |
_aStuttgart, Germany : _bThieme Publishers, _c[2018] |
|
| 264 | 4 | _cc2018 | |
| 300 |
_axvi, 175 pages : _billustrations (some color) ; _c27 cm |
||
| 336 |
_2rdacontent _atext _btxt |
||
| 337 |
_2rdamedia _aunmediated _bn |
||
| 338 |
_2rdacarrier _avolume _bnc |
||
| 504 | _aIncludes bibliographical references and index. | ||
| 505 | 0 | _aDiagnostic ultrasound and guided injection -- The shoulder : diagnostic imaging -- The shoulder : guided injection techniques -- The elbow : diagnostic imaging -- The elbow : guided injection techniques -- The wrist and hand : diagnostic imaging -- The wrist and hand : guided injection techniques -- The hip : diagnostic imaging -- The hip : guided injection techniques -- The knee : diagnostic imaging -- The knee : guided injection techniques -- The ankle and foot : diagnostic imaging -- The ankle and foot : guided injection techniques. | |
| 506 | _aAvailable on campus and off campus with authorized login. | ||
| 650 | 7 |
_aMusculoskeletal Diseases _xdiagnostic imaging. _2BUEsh |
|
| 650 | 7 |
_aUltrasonography _xmethods. _2BUEsh |
|
| 650 | 7 |
_aInjections _xmethods. _2BUEsh |
|
| 653 |
_cMay2024 _bPT |
||
| 655 | _vReading book | ||
| 776 | 0 | 8 |
_iOnline version: _aResteghini, Peter, author. _tDiagnostic musculoskeletal ultrasound and guided injection _dStuttgart ; New York : Thieme, [2018] _z9783132203914 _w(DLC) 2017030929 |
| 856 | 4 | 0 |
_aSOUTHEAST _uhttps://BZ6FJ9FL8E.search.serialssolutions.com/ejp/?libHash=BZ6FJ9FL8E#/search/?searchControl=title&searchType=title_code&criteria=TC0001975311 |
| 856 | 4 | 0 |
_aBLOOMINGTON _uhttps://KG6EK7CQ2B.search.serialssolutions.com/ejp/?libHash=KG6EK7CQ2B#/search/?searchControl=title&searchType=title_code&criteria=TC0001975311 |
| 856 | 4 | 0 |
_aEAST _uhttps://MN3KU4AR6Y.search.serialssolutions.com/ejp/?libHash=MN3KU4AR6Y#/search/?searchControl=title&searchType=title_code&criteria=TC0001975311 |
| 856 | 4 | 0 |
_aNORTHWEST _uhttps://PS6EE4GK2T.search.serialssolutions.com/ejp/?libHash=PS6EE4GK2T#/search/?searchControl=title&searchType=title_code&criteria=TC0001975311 |
| 856 | 4 | 0 |
_aIUPUI _uhttps://RX8KL6YF4X.search.serialssolutions.com/ejp/?libHash=RX8KL6YF4X#/search/?searchControl=title&searchType=title_code&criteria=TC0001975311 |
| 856 | 4 | 0 |
_aKOKOMO _uhttps://TE6UZ4HK6Z.search.serialssolutions.com/ejp/?libHash=TE6UZ4HK6Z#/search/?searchControl=title&searchType=title_code&criteria=TC0001975311 |
| 856 | 4 | 0 |
_aSOUTH BEND _uhttps://TT5XG8QF8P.search.serialssolutions.com/ejp/?libHash=TT5XG8QF8P#/search/?searchControl=title&searchType=title_code&criteria=TC0001975311 |
| 856 | 4 | 0 |
_aCOLUMBUS _uhttps://RX8KL6YF4X.search.serialssolutions.com/ejp/?libHash=RX8KL6YF4X#/search/?searchControl=title&searchType=title_code&criteria=TC0001975311 |
| 942 |
_2ddc _cBB |
||
| 949 | _hseasebook | ||
| 949 | _hwellsebook | ||
| 949 | _heaebook | ||
| 949 | _hnwstebook | ||
| 949 | _hulebook | ||
| 949 | _hkokoebook | ||
| 949 | _hsbenebook | ||
| 949 | _hcoebook | ||
| 999 |
_c30747 _d30718 |
||